000 00627nam a2200205Ia 4500
001 23563
003 GE_BSU
008 181216s||||||||xx |||||||||||||| ||und||
040 _cGE_BSU
245 _aУспехи геронтологии. №3, том 31. 2018
245 _bAdvances in gerontology
245 _cгл. ред. В.Н. Анисимов и др.
260 _aсанкт-петербург
260 _c2018г.
300 _a448ст;29см;
653 _aПериодика
653 _aУспехи геронтологии. №3, том 31. 2018
653 _aპერიოდიკა
942 _cCR
999 _c56450
_d56450